| 000 | 00429nam a2200157Ia 4500 | ||
|---|---|---|---|
| 008 | 231120s2022 xx 000 0 und d | ||
| 020 | _a9789390619078 | ||
| 041 | _aeng | ||
| 082 |
_a610.7 _bSAN |
||
| 100 | _aSANDYA GHAI | ||
| 245 | _aCLINICAL NURSING PROCEDURES POSTGRADUTE INSTITUTE OF MEDICAL EDUCATION AND RESEARCH | ||
| 250 | _a3rd edition | ||
| 260 |
_bC B S _c2022 |
||
| 300 | _a1321 | ||
| 650 | _aFUNDAMENTALS NURSING | ||
| 999 |
_c934643 _d934643 |
||